Dairy Cattle feeding and management / (Record no. 4637)

MARC details
000 -LEADER
fixed length control field 00591nam a22002177a 4500
001 - CONTROL NUMBER
control field BD-DhSAU 4637
003 - CONTROL NUMBER IDENTIFIER
control field BD-DhSAU
005 - DATE AND TIME OF LATEST TRANSACTION
control field 20150224143805.0
008 - FIXED-LENGTH DATA ELEMENTS--GENERAL INFORMATION
fixed length control field 150224b1963 ii a||||r|||| 00| 0 eng d
040 ## - CATALOGING SOURCE
Original cataloging agency BD-DhSAU
082 ## - DEWEY DECIMAL CLASSIFICATION NUMBER
Edition number 22
Classification number 636.208
Item number RED
100 ## - MAIN ENTRY--PERSONAL NAME
Personal name Reaves Paul M
245 ## - TITLE STATEMENT
Title Dairy Cattle feeding and management /
Statement of responsibility, etc. Paul M Reaves
250 ## - EDITION STATEMENT
Edition statement 5th ed.
260 ## - PUBLICATION, DISTRIBUTION, ETC. (IMPRINT)
Place of publication, distribution, etc. New Delhi :
Name of publisher, distributor, etc. Wiley Eastern Pvt. ,
Date of publication, distribution, etc. 1963.
300 ## - PHYSICAL DESCRIPTION
Extent 312 p. :
Other physical details ill. ;
Dimensions 23 cm.
504 ## - BIBLIOGRAPHY, ETC. NOTE
Bibliography, etc Includes references.
590 ## - Name of Cataloguer
Name of Cataloger erfat
650 ## - SUBJECT ADDED ENTRY--TOPICAL TERM
Topical term or geographic name as entry element Dairy Cattle.
650 ## - SUBJECT ADDED ENTRY--TOPICAL TERM
Topical term or geographic name as entry element Feeding and management.
942 ## - ADDED ENTRY ELEMENTS (KOHA)
Source of classification or shelving scheme Dewey Decimal Classification
Koha item type Book
Holdings
Withdrawn status Lost status Source of classification or shelving scheme Damaged status Not for loan Home library Branch Name Shelving location Date acquired Total Checkouts Full call number Barcode Date last seen Price effective from Koha item type Collection code
    Dewey Decimal Classification     SAU Library SAU Library General Stacks 28/06/1992   636.208 RED 1577 24/02/2015 24/02/2015 Book  
    Dewey Decimal Classification   Not For Loan SAU Library SAU Library Reference 30/05/2015   636.208 RED 6073 30/05/2015 30/05/2015 Book Reference
    Dewey Decimal Classification   Not For Loan SAU Library SAU Library Reference 10/06/2015   636.208 RED 1571 10/06/2015 10/06/2015 Book Reference